| 000 | 00507 a2200181 4500 | ||
|---|---|---|---|
| 003 | Nust | ||
| 005 | 20170207154049.0 | ||
| 010 | _a 2008045866 | ||
| 020 | _a9780826137937 (alk. paper) | ||
| 040 | _cNust | ||
| 082 | 0 | 0 | _a616.85/27003 |
| 245 | 0 | 4 |
_aThe international encyclopedia of depression(E-BOOK) _c[edited by] Rick E. Ingram. |
| 260 |
_aNew York : _bSpringer, _cc2009. |
||
| 300 |
_axxv, 613 p. : _bill., ports. ; _c26 cm. |
||
| 650 | 0 | _aDepression, Mental | |
| 651 | _aE-BOOK | ||
| 700 | 1 | _aIngram, Rick E. | |
| 942 |
_2ddc _cBK |
||
| 999 |
_c193046 _d193046 |
||